La Vega Histórica (Record no. 7600)

MARC details
000 -LEADER
campo de control de longitud fija 00372nam a2200145Ia 4500
001 - NÚMERO DE CONTROL
campo de control 2251
008 - DATOS DE LONGITUD FIJA--INFORMACIÓN GENERAL
campo de control de longitud fija 241024s9999 xx 000 0 und d
020 ## - NÚMERO INTERNACIONAL ESTÁNDAR DEL LIBRO
Número Internacional Estándar del Libro 978-99934-42-44-5
082 ## - NÚMERO DE LA CLASIFICACIÓN DECIMAL DEWEY
Número de clasificación RD/972.93/ES77v/v.2
100 ## - ENTRADA PRINCIPAL--NOMBRE DE PERSONA
Nombre de persona Jovino A. Espínola Reyes
245 #0 - MENCIÓN DEL TÍTULO
Título La Vega Histórica
260 ## - PUBLICACIÓN, DISTRIBUCIÓN, ETC.
Nombre del editor, distribuidor, etc. Ediciones Ferilibro
Fecha de publicación, distribución, etc. 2009
901 ## - ELEMENTOS DE DATOS A LOCAL LDA (RLIN)
a 15/5/2012 11:36:07 a.m.

No items available.

© 2024. Todos los Derechos Reservados. Desarrollado por IDEICE